| 000 | 00621cam a2200229 4500 | ||
|---|---|---|---|
| 001 | 000508215 | ||
| 003 | AM-YeHGA | ||
| 005 | 20250617134832.0 | ||
| 008 | 731030s1973 ne a|| ||b||||000|0|eng|d | ||
| 040 | _aAM-YeHGA | ||
| 041 | 0 | _aeng | |
| 100 | 1 | _aZsilka, Janos. | |
| 245 | 1 | 0 |
_aSentence patterns and reality / _cJanos Zsilka. |
| 260 |
_aThe Hague : _bMouton, _c1973. |
||
| 300 |
_a372 p. : _bill. ; _c22 cm. |
||
| 440 | 0 |
_aJanua Linguarum _pSeries minor _v140 |
|
| 504 | _aBibliogr.: p. [370]-372. | ||
| 650 | 0 |
_aLinguistics _xHistory |
|
| 650 | 0 | _aStructural linguistics | |
| 090 | _c190171 | ||
| 999 |
_c188703 _d188703 |
||